A coexistência entre a falência e a arbitragem e seus efeitos / (Record no. 97)

MARC details
000 -LÍDER
Campo Fixo de Controle 00727cam a2200241 a 4500
001 - NÚMERO DE CONTROLE
Campo de Controle 97
003 - IDENTIFICAÇÃO DO NÚMERO DE CONTROLE
Campo de Controle BR-CuiBMT
005 - DATA E HORA DA ÚLTIMA ATUALIZAÇÃO
Campo de Controle 20231031234148.0
008 - DADOS FIXOS
Dados Fixos 230811b2021 mgb 000 0 por d
020 ## - INTERNATIONAL STANDARD BOOK NUMBER
Nº do ISBN 9786555180954
040 ## - AGÊNCIA CATALOGADORA
Código da Agência Catalogadora BR-CuiBMT
Agência que transcreveu o registro BR-CuiBMT
080 ## - Nº DA CLASSIFICAÇÃO DECIMAL UNIVERSAL
Nº edição CDU 2007
Nº Class. CDU 347.736:347.918
090 ## - NÚMERO DE CHAMADA
Nº classificação 347.736:347.918
Cutter L936c
Ano/Edição 2021
100 1# - ENTRADA PRINCIPAL -- AUTOR PESSOAL
Nome pessoal Luchesi, Janine Silva Cabral
245 12 - TÍTULO PRINCIPAL
Título principal A coexistência entre a falência e a arbitragem e seus efeitos /
Indicação de responsabilidade Janine Silva Cabral Luchesi.
260 ## - PUBLICAÇÃO, DISTRIBUIÇÃO, ETC.
Local de publicação Belo Horizonte :
Editora Fórum,
Data 2021.
300 ## - DESCRIÇÃO FÍSICA
N. páginas ou volumes 123 p. ;
Dimensões 22 cm
504 ## - NOTA DE BIBLIOGRAFIA, ETC.
Nota de bibliografia Inclui bibliografia.
650 ## - ASSUNTO TÓPICO
Cabeçalho tópico ou nome geográfico Direito empresarial
650 ## - ASSUNTO TÓPICO
Cabeçalho tópico ou nome geográfico Direito falimentar
650 ## - ASSUNTO TÓPICO
Cabeçalho tópico ou nome geográfico Arbitragem empresarial
942 ## - ELEMENTOS DE ENTRADA ADICIONAIS (KOHA)
Fonte de classificação ou esquema de arquivamento Classificação Decimal Universal
Tipo de item do Koha Livros
Holdings
Estado: removido Estado: perdido Fonte de classificação ou esquema de arquivamento Estado: danificado Indisponível para empréstimo Localização permanente Localização atual Data de aquisição Total Checkouts Número de Chamada completo Código de barras Date last seen Número do exemplar Preço efetivo a partir de Tipo de item (Koha)
    Classificação Decimal Universal     Biblioteca da Escola Superior de Contas do TCE/MT Biblioteca da Escola Superior de Contas do TCE/MT 28/07/2023   347.736:347.918 L936c BIBTCEMT23080073 11/08/2023 Ex. 1 11/08/2023 Livros

Powered by Koha